Countries that have a over 3 Trillion USD GDP - Statistics

General Stats
  • This quiz has been taken 17 times
  • The average score is 7 of 7
Answer Stats
Answer % Correct
China
100%
France
100%
Germany
100%
Japan
100%
United Kingdom
100%
United States of America
94%
India
88%
No matching quizzes found
Score Distribution
Percent of People with Each Score
Percentile by Number Answered
Your Score History
You have not taken this quiz